Lịch sử chiến tranh

Enregistré dans:
Détails bibliographiques
Auteur principal: Geoffrey Parker
Format: Livre
Langue:Undetermined
Publié: Tp.Hồ Chí MInh Tổng hợp Tp. Hồ Chí MInh 2004
Sujets:
Tags: Ajouter un tag
Pas de tags, Soyez le premier à ajouter un tag!
Thư viện lưu trữ: Trung tâm Học liệu Trường Đại học Cần Thơ
LEADER 00536nam a2200193Ia 4500
001 CTU_73755
008 210402s9999 xx 000 0 und d
020 |b 70000 
082 |a 909 
082 |b P238 
100 |a Geoffrey Parker 
245 0 |a Lịch sử chiến tranh 
245 0 |c Geoffrey Parker; Lê Thành 
260 |a Tp.Hồ Chí MInh 
260 |b Tổng hợp Tp. Hồ Chí MInh 
260 |c 2004 
650 |a world history 
904 |i Năm 
980 |a Trung tâm Học liệu Trường Đại học Cần Thơ